AH International Schools' Libraries

Time tracers: (Record no. 48064)

MARC details
000 -LEADER
fixed length control field 00861cam a2200241 i 4500
001 - CONTROL NUMBER
control field 19971190
005 - DATE AND TIME OF LATEST TRANSACTION
control field 20260203125910.0
008 - FIXED-LENGTH DATA ELEMENTS--GENERAL INFORMATION
fixed length control field 170831s2018 nyu c 000 1 eng
010 ## - LIBRARY OF CONGRESS CONTROL NUMBER
LC control number 2017034541
020 ## - INTERNATIONAL STANDARD BOOK NUMBER
International Standard Book Number 9780062671424 (hardcover)
100 1# - MAIN ENTRY--PERSONAL NAME
Personal name Bondor-Stone, Annabeth,
Relator term author.
9 (RLIN) 85843
245 10 - TITLE STATEMENT
Title Time tracers:
Remainder of title the stolen summers /
Statement of responsibility, etc Annabeth Bondor-Stone and Connor White.
250 ## - EDITION STATEMENT
Edition statement First edition.
260 ## - PUBLICATION, DISTRIBUTION, ETC. (IMPRINT)
Place of publication, distribution, etc New York:
Name of publisher, distributor, etc Harper;
Date of publication, distribution, etc 2018.
300 ## - PHYSICAL DESCRIPTION
Extent 248 pages ;
Dimensions 22 cm
490 ## - SERIES STATEMENT
Series statement Time tracers;
520 ## - SUMMARY, ETC.
Summary, etc Seventh-grader Taj Butler is a champion time-waster, but when his summer break is stolen by time thieves he is determined to get it back.
650 #1 - SUBJECT ADDED ENTRY--TOPICAL TERM
Topical term or geographic name as entry element Time
Form subdivision Fiction.
650 #1 - SUBJECT ADDED ENTRY--TOPICAL TERM
Topical term or geographic name as entry element Robbers and outlaws
Form subdivision Fiction.
650 #1 - SUBJECT ADDED ENTRY--TOPICAL TERM
Topical term or geographic name as entry element Adventure and adventurers.
Form subdivision Fiction.
655 ## - INDEX TERM--GENRE/FORM
Genre/form data or focus term Science Fiction.
942 ## - ADDED ENTRY ELEMENTS (KOHA)
Source of classification or shelving scheme
Koha item type J FIC BOOKS
Holdings
Withdrawn status Lost status Source of classification or shelving scheme Damaged status Not for loan Collection code Home library Current library Shelving location Date acquired Full call number Barcode Date last seen Price effective from Koha item type
          SECONDARY Asian Hope Secondary Library Asian Hope Secondary Library Junior Fiction 12/06/2024 J FIC BON 207405 01/16/2026 12/06/2024 J FIC BOOKS

For any Logos Library related questions please contact Miss Art at swongnarasuk@asianhope.org.

For any Asian Hope Library related questions please contact Miss Raza at graza@asianhope.org.

Click here to explore our ebooks!

Powered by Koha